| 000 | 00433cam a2200157 a 4500 | ||
|---|---|---|---|
| 020 | _a0205389252 | ||
| 040 | _cDLC | ||
| 082 | 0 | 0 | _a301 ALL 2004 A070 Or. |
| 100 | 1 | _aHenslin, James M. | |
| 245 | 1 | 0 |
_aEssentials of sociology : _ba down-to-earth approach / |
| 250 | _a5th ed. | ||
| 260 |
_aBoston : _bAllyn and Bacon, _cc2004. |
||
| 300 |
_axxxviii, 443, [74] p. : _bill. (some col.) ; _c26 cm. |
||
| 650 | 0 | _aSociology. | |
| 942 | _cEK | ||
| 999 |
_c14728 _d14728 |
||